Technologie betonu. Svazek 2. : Stavitelství betonové I. Složení malt a betonu, jejich výroba a kontrola

Saved in:
Bibliographic Details
Main Author: Bechyně, Stanislav (Author)
Format: Book
Language:Czech
Published: Praha : SNTL, 1957
Edition:1.vyd.
Tags: Add Tag
No Tags, Be the first to tag this record!

MARC

LEADER 00000nam a22000003a 4500
001 stu271169
005 20150617230230.6
008 130717s--------cs------------------cze-d
040 |a STU  |b slo 
041 0 |a cze 
044 |a cs 
080 |a 666.972.1 
100 1 |a Bechyně, Stanislav  |4 aut 
245 1 |a Technologie betonu. Svazek 2. :  |b Stavitelství betonové I. Složení malt a betonu, jejich výroba a kontrola 
250 |a 1.vyd. 
260 |a Praha :  |b SNTL,  |c 1957 
300 |a 738 s 
996 |b 284V035415  |c V*5251/O-551  |l VVS  |s A  |a 24  |w stu271169_0001